[Event "SVK-chT2B 1819"]
[Site "Slovakia"]
[Date "2019.04.07"]
[Round "11.2"]
[White "Kantorik, Marian"]
[Black "Budaj, Peter"]
[Result "1-0"]
[WhiteElo "2188"]
[BlackElo "2026"]
[PlyCount "61"]
[EventDate "2018.10.13"]
[EventType "team-tourn"]
[EventRounds "11"]
[EventCountry "SVK"]
[SourceTitle "EXT 2020"]
[Source "ChessBase"]
[SourceDate "2019.10.17"]
[SourceVersion "1"]
[SourceVersionDate "2019.10.17"]
[SourceQuality "1"]
[WhiteTeam "Topolcany"]
[BlackTeam "Povazska Bystrica"]
[WhiteTeamCountry "SVK"]
[BlackTeamCountry "SVK"]

1. d4 Nf6 2. c4 d6 3. Nc3 g6 4. e4 Bg7 5. f4 0-0 6. Nf3 c5 7. d5 a6 8. a4 e6 9. Be2 exd5 10. cxd5 Re8 11. e5 dxe5 12. fxe5 Ng4 13. e6 fxe6 14. d6 Nc6 15. 0-0 Nd4 16. Ne4 Nxe2+ 17. Qxe2 h6 18. Kh1 b6 19. h3 Nf6 20. Ne5 Nxe4 21. Qxe4 Qxd6 22. Nf7 Qd5 23. Qxg6 Bb7 24. Bxh6 Qxg2+ 25. Qxg2 Bxg2+ 26. Kxg2 Bd4 27. Ra3 b5 28. Rg3+ Kh7 29. Bc1 Rg8 30. Ng5+ Kh6 31. Nxe6+ 1-0

[Event "SVK-chT2B 1617"]
[Site "Slovakia"]
[Date "2017.03.11"]
[Round "10.4"]
[White "Budaj, Peter"]
[Black "Zahorsky, Robert"]
[Result "1/2-1/2"]
[WhiteElo "2034"]
[BlackElo "1951"]
[PlyCount "23"]
[EventDate "2016.10.08"]
[EventType "team-tourn"]
[EventRounds "11"]
[EventCountry "SVK"]
[SourceTitle "EXT 2018"]
[Source "ChessBase"]
[SourceDate "2017.10.13"]
[SourceVersion "1"]
[SourceVersionDate "2017.10.13"]
[SourceQuality "1"]
[WhiteTeam "Povazska Bystrica II"]
[BlackTeam "Tlmace"]
[WhiteTeamCountry "SVK"]
[BlackTeamCountry "SVK"]

1. Nf3 d5 2. g3 Nf6 3. Bg2 Bf5 4. 0-0 h6 5. d4 e6 6. c4 c6 7. Nc3 Be7 8. Re1 0-0 9. Ne5 Nbd7 10. Nxd7 Qxd7 11. cxd5 cxd5 12. a3 1/2-1/2

[Event "SVK-chT1W 1516"]
[Site "Slovakia"]
[Date "2016.03.20"]
[Round "11.7"]
[White "Budaj, Peter"]
[Black "Castiglione, Mario"]
[Result "1/2-1/2"]
[WhiteElo "2045"]
[BlackElo "2203"]
[PlyCount "117"]
[EventDate "2015.10.24"]
[EventType "team-tourn"]
[EventRounds "11"]
[EventCountry "SVK"]
[SourceTitle "EXT 2017"]
[Source "ChessBase"]
[SourceDate "2016.10.25"]
[SourceVersion "1"]
[SourceVersionDate "2016.10.25"]
[SourceQuality "1"]
[WhiteTeam "Povazska Bystrica"]
[BlackTeam "Bratislava Slovan III"]
[WhiteTeamCountry "SVK"]
[BlackTeamCountry "SVK"]

1. Nf3 d6 2. d4 Nf6 3. c4 Bg4 4. Nc3 Nc6 5. e4 e5 6. Be2 Bxf3 7. Bxf3 Nxd4 8. 0-0 h5 9. Be3 c5 10. Nd5 Nxf3+ 11. Qxf3 Nxd5 12. exd5 Qd7 13. a3 Qg4 14. Qxg4 hxg4 15. b4 f5 16. f3 gxf3 17. Rxf3 g6 18. bxc5 dxc5 19. Re1 0-0-0 20. Bg5 Rd6 21. Rxe5 Bg7 22. Re7 Bd4+ 23. Be3 Rh4 24. Bxd4 cxd4 25. Rd3 Rb6 26. h3 Rb1+ 27. Kh2 g5 28. d6 Rf4 29. Rg7 g4 30. hxg4 fxg4 31. Kg3 Re4 32. Rxg4 Re3+ 33. Rxe3 dxe3 34. Kf3 Rb3 35. Rg7 Rxa3 36. Rc7+ Kb8 37. Re7 Kc8 38. Rc7+ Kb8 39. g4 Rd3 40. c5 b6 41. Ke2 Rd5 42. cxb6 axb6 43. Kxe3 Rxd6 44. Rc1 b5 45. Kf4 Rd4+ 46. Kf5 Rc4 47. Rg1 Rc5+ 48. Ke6 Rc6+ 49. Kd5 Rg6 50. g5 Kc7 51. Ke5 Kb6 52. Kf5 Rg8 53. Kf6 b4 54. Kf7 Rc8 55. g6 Kb5 56. g7 b3 57. g8Q Rxg8 58. Rxg8 Kc4 59. Ke6 1/2-1/2

[Event "SVK-chT2B 1516"]
[Site "Slovakia"]
[Date "2016.03.13"]
[Round "11.2"]
[White "Budaj, Peter"]
[Black "Verbytskiy, Patrik"]
[Result "1/2-1/2"]
[WhiteElo "2045"]
[BlackElo "1874"]
[PlyCount "32"]
[EventDate "2015.10.17"]
[EventType "team-tourn"]
[EventRounds "11"]
[EventCountry "SVK"]
[SourceTitle "EXT 2019"]
[Source "ChessBase"]
[SourceDate "2018.10.10"]
[SourceVersion "1"]
[SourceVersionDate "2018.10.10"]
[SourceQuality "1"]
[WhiteTeam "Povazska Bystrica SKS II"]
[BlackTeam "Topolciansky CVC II"]
[WhiteTeamCountry "SVK"]
[BlackTeamCountry "SVK"]

1. d4 d5 2. c4 c6 3. Nf3 Nf6 4. g3 e6 5. Bg2 Bd6 6. 0-0 0-0 7. Nc3 Nbd7 8. Bg5 h6 9. Bd2 Qc7 10. b3 Re8 11. Rc1 dxc4 12. bxc4 e5 13. e3 exd4 14. exd4 Nf8 15. Re1 Bg4 16. Qb3 Ng6 1/2-1/2

[Event "SVK-chT2B 1516"]
[Site "Slovakia"]
[Date "2016.02.14"]
[Round "9.4"]
[White "Budaj, Peter"]
[Black "Viczencz, Peter"]
[Result "0-1"]
[WhiteElo "2061"]
[BlackElo "1835"]
[PlyCount "92"]
[EventDate "2015.10.17"]
[EventType "team-tourn"]
[EventRounds "11"]
[EventCountry "SVK"]
[SourceTitle "EXT 2019"]
[Source "ChessBase"]
[SourceDate "2018.10.10"]
[SourceVersion "1"]
[SourceVersionDate "2018.10.10"]
[SourceQuality "1"]
[WhiteTeam "Povazska Bystrica SKS II"]
[BlackTeam "Komarno KSC"]
[WhiteTeamCountry "SVK"]
[BlackTeamCountry "SVK"]

1. Nf3 c5 2. g3 Nf6 3. Bg2 d5 4. 0-0 e6 5. d4 Bd6 6. c4 0-0 7. cxd5 exd5 8. dxc5 Bxc5 9. Nc3 Be6 10. Bg5 Nbd7 11. Nd4 h6 12. Bf4 Nb6 13. Nxe6 fxe6 14. e4 g5 15. Bc1 d4 16. Na4 Nxa4 17. Qxa4 Qb6 18. b4 Qxb4 19. Qxb4 Bxb4 20. Rb1 Bc5 21. Rxb7 e5 22. h4 Ng4 23. hxg5 Nxf2 24. gxh6 d3 25. Kh2 Rad8 26. Bd2 Ng4+ 27. Kh3 Rxf1 28. Bxf1 Nf2+ 29. Kh4 Nxe4 30. Bg5 d2 31. Bc4+ Kh8 32. Bxd2 Nxd2 33. Bf7 Ne4 34. Bg6 Nf6 35. Kg5 Rf8 36. g4 Be3+ 37. Kh4 Rg8 38. Bf5 Bxh6 39. Rxa7 Bg5+ 40. Kg3 e4 41. a4 e3 42. Kf3 Re8 43. Ke2 Nd5 44. Rh7+ Kg8 45. Rh2 Nf4+ 46. Ke1 Bh4+ 0-1

[Event "SVK-chT2B 1516"]
[Site "Slovakia"]
[Date "2015.11.07"]
[Round "3.5"]
[White "Budaj, Peter"]
[Black "Bencik, Pavol"]
[Result "1-0"]
[WhiteElo "2037"]
[BlackElo "2001"]
[PlyCount "87"]
[EventDate "2015.10.17"]
[EventType "team-tourn"]
[EventRounds "11"]
[EventCountry "SVK"]
[SourceTitle "EXT 2019"]
[Source "ChessBase"]
[SourceDate "2018.10.10"]
[SourceVersion "1"]
[SourceVersionDate "2018.10.10"]
[SourceQuality "1"]
[WhiteTeam "Povazska Bystrica SKS II"]
[BlackTeam "Levice"]
[WhiteTeamCountry "SVK"]
[BlackTeamCountry "SVK"]

1. Nf3 d5 2. g3 Bg4 3. Bg2 Nc6 4. d4 Qd7 5. c4 e6 6. cxd5 exd5 7. Nc3 0-0-0 8. Bf4 f6 9. a3 g5 10. Bd2 Bh3 11. Bxh3 Qxh3 12. Qa4 Nge7 13. b4 b6 14. b5 Na5 15. Nd1 Nc4 16. Qxa7 Qe6 17. Ne3 Nxe3 18. Bxe3 Nf5 19. Rc1 Bd6 20. Qa8+ Kd7 21. Qc6+ Ke7 22. Rc3 Kf7 23. Rd3 Rhe8 24. 0-0 g4 25. Ne1 Ra8 26. Ng2 Ne7 27. Qc1 Ra4 28. Bf4 Qxe2 29. Re3 Qxb5 30. Bxd6 cxd6 31. Qd1 Rg8 32. Nh4 Qd7 33. Rfe1 Re8 34. Rxe7+ Rxe7 35. Rxe7+ Qxe7 36. Qxa4 Qe1+ 37. Kg2 Qe4+ 38. Kf1 Qd3+ 39. Ke1 Qc3+ 40. Ke2 Qb2+ 41. Kd3 Qb1+ 42. Qc2 Qf1+ 43. Ke3 Qe1+ 44. Kf4 1-0

[Event "SVK-chT2B 1415"]
[Site "Slovakia"]
[Date "2015.03.08"]
[Round "11.3"]
[White "Budaj, Peter"]
[Black "Horvath, Mario"]
[Result "1/2-1/2"]
[WhiteElo "2068"]
[BlackElo "2264"]
[PlyCount "189"]
[EventDate "2014.10.11"]
[EventType "team-tourn"]
[EventRounds "11"]
[EventCountry "SVK"]
[SourceTitle "EXT 2019"]
[Source "ChessBase"]
[SourceDate "2018.10.10"]
[SourceVersion "1"]
[SourceVersionDate "2018.10.10"]
[SourceQuality "1"]
[WhiteTeam "Povazska Bystrica SKS II"]
[BlackTeam "Podhajska Termal"]
[WhiteTeamCountry "SVK"]
[BlackTeamCountry "SVK"]

1. Nf3 d5 2. g3 Nf6 3. Bg2 c6 4. 0-0 Bg4 5. d4 e6 6. Ne5 Bh5 7. Nd2 Bd6 8. Ndf3 0-0 9. c3 Ne4 10. g4 Bg6 11. Nxg6 hxg6 12. Qd3 Nd7 13. Nd2 Qh4 14. Qh3 Qxh3 15. Bxh3 Nxd2 16. Bxd2 f5 17. f3 Nf6 18. g5 Nd7 19. e4 dxe4 20. fxe4 Kf7 21. Bg2 Rh8 22. h3 Rh5 23. d5 cxd5 24. exd5 e5 25. b4 Rc8 26. Rac1 Nb6 27. Be3 Nc4 28. Bxa7 Rxg5 29. Bf2 e4 30. Rfe1 Ne5 31. Re2 Nd3 32. Rcc2 Nf4 33. Bd4 Nxe2+ 34. Rxe2 f4 35. h4 f3 36. hxg5 fxe2 37. Kf2 Ra8 38. Kxe2 Rxa2+ 39. Kf1 e3 40. Bxe3 Be5 41. c4 Rb2 42. b5 Rb4 43. b6 Rxc4 44. d6 Rc3 45. Bd5+ Ke8 46. Ke2 Bxd6 47. Bxb7 Bc5 48. Bd2 Rb3 49. Bc6+ Ke7 50. b7 Ke6 51. Ba5 Bd6 52. Kd1 Rg3 53. Bd2 Rh3 54. Bb4 Rh8 55. Bd2 Rd8 56. Ke2 Kf5 57. Kf3 Be5 58. Be3 Bb8 59. Be4+ Ke6 60. Bxg6 Rd5 61. Be4 Rb5 62. Ke2 Rb4 63. Kf3 Rb3 64. Ke2 Ke5 65. Bc6 Kf5 66. Bd7+ Ke4 67. Bc6+ Ke5 68. Bf3 Kf5 69. Bc6 Bf4 70. Bd4 g6 71. Bd5 Rb4 72. Bc3 Rb5 73. Bc6 Rb6 74. Bf3 Kxg5 75. Kd3 Kf5 76. Kc4 g5 77. Bd4 Rh6 78. Ba7 Rh8 79. Bc6 Rd8 80. Bb6 Rd1 81. Ba7 Rc1+ 82. Kd5 Rb1 83. Kc4 g4 84. Bb5 g3 85. b8Q Bxb8 86. Bxb8 g2 87. Ba7 g1Q 88. Bxg1 Rxg1 89. Kd4 Rd1+ 90. Kc3 Ke5 91. Be8 Rc1+ 92. Kd3 Ra1 93. Bf7 Ra7 94. Bg6 Rg7 95. Bh5 1/2-1/2

[Event "SVK-chT2B 1415"]
[Site "Slovakia"]
[Date "2015.03.07"]
[Round "10.3"]
[White "Dolnik, Attila"]
[Black "Budaj, Peter"]
[Result "1/2-1/2"]
[WhiteElo "2170"]
[BlackElo "2068"]
[PlyCount "55"]
[EventDate "2014.10.11"]
[EventType "team-tourn"]
[EventRounds "11"]
[EventCountry "SVK"]
[SourceTitle "EXT 2019"]
[Source "ChessBase"]
[SourceDate "2018.10.10"]
[SourceVersion "1"]
[SourceVersionDate "2018.10.10"]
[SourceQuality "1"]
[WhiteTeam "Batorove Kosihy"]
[BlackTeam "Povazska Bystrica SKS II"]
[WhiteTeamCountry "SVK"]
[BlackTeamCountry "SVK"]

1. d4 Nf6 2. Nf3 g6 3. g3 Bg7 4. Bg2 0-0 5. 0-0 d5 6. Ne5 Bf5 7. Nd2 Nbd7 8. c3 Nxe5 9. dxe5 Ng4 10. Qb3 Rb8 11. Bxd5 Nxe5 12. Rd1 c6 13. Bg2 Be6 14. Qa4 Qb6 15. Nf3 Nxf3+ 16. Bxf3 Rbd8 17. Rxd8 Rxd8 18. Qc2 Bh3 19. Be3 Qc7 20. a4 a6 21. a5 Qd6 22. Bf4 e5 23. Bg5 Rd7 24. Be3 h5 25. b4 f5 26. Qb3+ Kh7 27. Bc5 Qf6 28. Rd1 1/2-1/2

[Event "SVK-chT2B 1314"]
[Site "Slovakia"]
[Date "2014.03.16"]
[Round "11.2"]
[White "Gorusa, Miroslav"]
[Black "Budaj, Peter"]
[Result "1/2-1/2"]
[WhiteElo "2146"]
[BlackElo "2062"]
[PlyCount "20"]
[EventDate "2013.10.19"]
[EventType "team-tourn"]
[EventRounds "11"]
[EventCountry "SVK"]
[SourceTitle "EXT 2015"]
[Source "ChessBase"]
[SourceDate "2014.11.20"]
[SourceVersion "1"]
[SourceVersionDate "2014.11.20"]
[SourceQuality "1"]
[WhiteTeam "Nitra NSK II"]
[BlackTeam "Povazska Bystrica III"]
[WhiteTeamCountry "SVK"]
[BlackTeamCountry "SVK"]

1. d4 Nf6 2. c4 g6 3. Nc3 Bg7 4. Nf3 d6 5. Bf4 0-0 6. h3 c5 7. e3 Nc6 8. Be2 Nh5 9. Bh2 Qb6 10. Nb5 cxd4 1/2-1/2

[Event "SVK-chT1W 1314"]
[Site "Slovakia"]
[Date "2014.03.01"]
[Round "8.7"]
[White "Hanko, Pavol"]
[Black "Budaj, Peter"]
[Result "0-1"]
[WhiteElo "2141"]
[BlackElo "2062"]
[PlyCount "94"]
[EventDate "2013.10.12"]
[EventType "team-tourn"]
[EventRounds "11"]
[EventCountry "SVK"]
[SourceTitle "EXT 2015"]
[Source "ChessBase"]
[SourceDate "2014.11.20"]
[SourceVersion "1"]
[SourceVersionDate "2014.11.20"]
[SourceQuality "1"]
[WhiteTeam "Prievidza"]
[BlackTeam "Povazska Bystrica"]
[WhiteTeamCountry "SVK"]
[BlackTeamCountry "SVK"]

1. d4 Nf6 2. Nf3 g6 3. c4 Bg7 4. Nc3 d6 5. e4 0-0 6. Be2 Nc6 7. d5 Nb8 8. 0-0 e5 9. b4 a5 10. Ba3 axb4 11. Bxb4 Na6 12. a3 Ne8 13. Nd2 f5 14. Nb3 b6 15. Bd3 f4 16. f3 Qh4 17. Nb5 g5 18. Be1 Qh5 19. h3 Nf6 20. Ra2 Qg6 21. Kf2 h5 22. Rg1 Rf7 23. Bc3 Bf8 24. Ke2 g4 25. hxg4 hxg4 26. Kd2 Rg7 27. Re1 Kf7 28. Kc1 Be7 29. Kb1 Bd7 30. a4 Rh7 31. a5 Rh2 32. axb6 cxb6 33. Rh1 Qh7 34. Rxh2 Qxh2 35. Qf1 Qh8 36. Be2 g3 37. Bd1 Nc5 38. Rd2 Nxb3 39. Bxb3 Qh2 40. Bb4 Ne8 41. Nc3 Nc7 42. Na2 Na6 43. Bc3 Nc5 44. Bd1 Rh8 45. Rb2 Qh1 46. Qe2 Rh2 47. Nc1 Bh3 0-1

[Event "SVK-chT2B 10/11"]
[Site "Slovakia"]
[Date "2011.02.06"]
[Round "7.1"]
[White "Velcko, Miroslav"]
[Black "Budaj, Peter"]
[Result "1-0"]
[WhiteElo "2161"]
[BlackElo "2112"]
[PlyCount "75"]
[EventDate "2010.10.23"]
[EventType "team-tourn"]
[EventRounds "11"]
[EventCountry "SVK"]
[SourceTitle "EXT 2019"]
[Source "ChessBase"]
[SourceDate "2018.10.10"]
[SourceVersion "1"]
[SourceVersionDate "2018.10.10"]
[SourceQuality "1"]
[WhiteTeam "Trencin SK II"]
[BlackTeam "Povazska Bystrica SK Sparta II"]
[WhiteTeamCountry "SVK"]
[BlackTeamCountry "SVK"]

1. c4 Nf6 2. Nf3 d6 3. Nc3 g6 4. g3 Bg7 5. Bg2 0-0 6. 0-0 e5 7. d4 Nc6 8. b3 exd4 9. Nxd4 Bd7 10. Bb2 Re8 11. Re1 Nxd4 12. Qxd4 Ne4 13. Qd3 Bf5 14. Bxe4 Bxe4 15. Qd2 Bf5 16. e4 Bh3 17. Nd5 f6 18. Nf4 Bc8 19. Rad1 Qe7 20. f3 Qf7 21. Qc3 Rf8 22. c5 dxc5 23. Qxc5 c6 24. Rd3 g5 25. Ne2 Re8 26. Red1 g4 27. Rd8 gxf3 28. Nf4 Bg4 29. Rxa8 Rxa8 30. Kf2 Bf8 31. Qc3 b6 32. h3 Bc5+ 33. Kf1 Bc8 34. Qxf3 Ba6+ 35. Kg2 Rf8 36. Qg4+ Kh8 37. Rd7 Qg8 38. Qh4 1-0

[Event "SVK-chT2B 0607"]
[Site "Slovakia"]
[Date "2006.10.15"]
[Round "2.6"]
[White "Szegi, Viktor"]
[Black "Budaj, Peter"]
[Result "0-1"]
[WhiteElo "2098"]
[BlackElo "1975"]
[PlyCount "70"]
[EventDate "2006.10.14"]
[EventType "team-tourn"]
[EventRounds "11"]
[EventCountry "SVK"]
[SourceTitle "EXT 2008"]
[Source "ChessBase"]
[SourceDate "2007.11.25"]
[SourceVersion "1"]
[SourceVersionDate "2007.11.25"]
[SourceQuality "1"]
[WhiteTeam "Batorove Kosihy"]
[BlackTeam "Povazska Bystrica"]
[WhiteTeamCountry "SVK"]
[BlackTeamCountry "SVK"]

1. e4 e6 2. d4 d5 3. e5 c5 4. c3 Nc6 5. Nf3 Bd7 6. Bd3 Qb6 7. 0-0 cxd4 8. cxd4 Nxd4 9. Nxd4 Qxd4 10. Nc3 a6 11. Qe2 Qa7 12. Kh1 Ne7 13. f4 g6 14. Be3 b6 15. a4 Nf5 16. Bf2 Bc5 17. g4 Nd4 18. Qd1 Nc6 19. Bh4 Be7 20. Qe1 0-0-0 21. Bxe7 Nxe7 22. Qe2 Kb7 23. b4 Rc8 24. Rfc1 Rc7 25. b5 a5 26. f5 gxf5 27. gxf5 exf5 28. Nxd5 Nxd5 29. Qf3 Be6 30. Rxc7+ Kxc7 31. Rc1+ Kb8 32. Bxf5 Bxf5 33. Qxf5 Qb7 34. Rc6 Nb4 35. Qf6 Rc8 0-1

[Event "SVK-chT2B 0607"]
[Site "Slovakia"]
[Date "2006.10.14"]
[Round "1.5"]
[White "Sebensky, Martin"]
[Black "Budaj, Peter"]
[Result "0-1"]
[WhiteElo "1900"]
[BlackElo "1975"]
[PlyCount "92"]
[EventDate "2006.10.14"]
[EventType "team-tourn"]
[EventRounds "11"]
[EventCountry "SVK"]
[SourceTitle "EXT 2008"]
[Source "ChessBase"]
[SourceDate "2007.11.25"]
[SourceVersion "1"]
[SourceVersionDate "2007.11.25"]
[SourceQuality "1"]
[WhiteTeam "Komarno KSC"]
[BlackTeam "Povazska Bystrica"]
[WhiteTeamCountry "SVK"]
[BlackTeamCountry "SVK"]

1. d4 Nf6 2. c4 g6 3. Nc3 Bg7 4. e4 d6 5. f3 0-0 6. Bd3 c6 7. Nge2 a6 8. a4 Nbd7 9. f4 e5 10. fxe5 dxe5 11. Bg5 exd4 12. Nxd4 Qb6 13. Nce2 Ng4 14. h3 Nge5 15. 0-0 Nc5 16. Bc2 Ne6 17. a5 Qc5 18. b4 Qa7 19. Be7 Re8 20. Bf6 Nxc4 21. Bxg7 Kxg7 22. Rf3 Ne5 23. Rf2 Nxd4 24. Nxd4 Be6 25. Rd2 Nc4 26. Rf2 Ne3 27. Nxe6+ Rxe6 28. Qf3 Rf8 29. Bb3 Qd4 30. Bxe6 Qxa1+ 31. Kh2 Qe5+ 32. Kg1 Qxe6 33. Qxe3 Re8 34. Re2 Qc4 35. e5 Qxb4 36. e6 Rxe6 37. Qd3 Qc5+ 38. Kh1 Rf6 39. Rc2 Qxa5 40. Qd4 Qd5 41. Qb2 Qd1+ 42. Kh2 Qd6+ 43. Kh1 c5 44. Rf2 Qd4 45. Qxd4 cxd4 46. Rxf6 Kxf6 0-1